000
00314nam a2200109Ia 4500
008
171204s9999 xx 000 0 und d
245
2
_a
A Field Guide To The Reptiles Of South-East Asia:
245
_c
Indraneil Das
260
_c
2016
650
_x
Ecotourism
856
_u
http://down.ebook777.com/055/1472920570.pdf
999
_c
346660
_d
346660